| 000 | 00602nam a22001817a 4500 | ||
|---|---|---|---|
| 999 |
_c15147 _d15147 |
||
| 003 | OSt | ||
| 082 | _2631.7 JIS/DE | ||
| 088 | _aT 254 | ||
| 100 |
_aJISHITHA RAVINDRAN _93619 |
||
| 245 | _aDesign and development of tension - emitter | ||
| 260 |
_aTavanur 2012 _bDEPARTMENT OF LAND &WATER RESOURCES AND CONSERVATION ENGINEERING |
||
| 300 | _a65 | ||
| 500 | _aDesign and development of tension - emitter | ||
| 520 | _aDesign and development of tension - emitter | ||
| 700 |
_aEr. Vishnu B (Guide) _93355 |
||
| 856 | _uhttps://drive.google.com/open?id=1_7iDcXcmuUFUTJFKCOv39enYA6UbW7Zg | ||
| 942 | _cTH | ||